LEADER 00993nam0 2200301 450 001 000034231 005 20130612121311.0 100 $a20130121d1969----km-y0itaa50------ba 101 0 $aita 102 $aIT 200 1 $aStoria della pedagogia$fMaria Goretti 205 $a5. ed. 210 $aFirenze$cFelice le Monnier$d1969 215 $a139 p.$d17 cm 225 2 $aManualetti Le Monnier 410 0$12001$aManualetti Le Monnier 606 1 $aPedagogia 676 $a370.112$v(22. ed.)$9Educazione umanistica 700 1$aGoretti,$bMaria$0179427 801 0$aIT$bUniversità della Basilicata - B.I.A.$gREICAT$2unimarc 912 $a000034231 996 $aStoria della pedagogia$996399 997 $aUNIBAS BAS $aLETTERE CAT $aSTD081$b01$c20130121$lBAS01$h1012 CAT $aSTD091$b01$c20130612$lBAS01$h1213 FMT Z30 -1$lBAS01$LBAS01$mBOOK$1BASA1$APolo Storico-Umanistico$2GEN$BCollezione generale$3FP/55091$655091$5L55091$820130121$f02$FPrestabile Generale